000 00374 a2200121 4500
001 ART_24850
005 20260410161934.0
008 260409a
245 1 0 _aLa cultura de la organización y los conflictos con el personal
100 1 _aGroba, Eduardo L.
700 1 _aDeverill, Juan J.
773 0 _tGestión
_g- Nº 10 (dic. 1974/ene. 1975)
_wREV24740
999 _c28899
_d28899